000 01920nam a2200421 c 4500
003 BLK
005 20241017120223.0
008 180407b bul|||||r ||||||| ||bul||
010 _aKNG00034902000
020 _a954-585-173-2
_bиздат.: Бард
040 _aBLK
041 _aBUL
_cBUL
080 _aРазпространяване на научните знания - популяризиране на науката, занимателна наука, учение за явленията научно необяснени, заблуждения и фалшификации, илюзии и др. п., секретност на научните знания
_b001.9
_x(02.062)
_z001.9(02.062)
100 1 _aБренън, Хърби
_eпърви автор
_9272145
700 _aПанайотова, Росица Христова
_d1957-
_9371242
139 _aБренън, Хърби
_bБ 80
245 1 0 _aВеликите загадки
_cХърби Бренън; прев. Росица Панайотова.
257 _aUSA
260 София
_bБард
_c2001
300 _a560 с.
_bс ил.
_c21 см
380 _a0
490 1 _aПоредица Загадки и мистерии
500 _aОриг. загл. The Atlantis Enigma ; Thr Secret History of Ancient Egypt ; Martian Genesis / Herbie Brennan. - Офс. изд.
590 _aф
650 4 _aАтлантида
_9147823
650 4 _aИзвънземни цивилизации
_9242018
650 4 _aДревен Египет
_9242280
653 _aАтлантида
653 _aДревен Египет
653 _aизвънземни цивилизации
653 _aхипотези
852 _aЦб 207184
856 4 _qpdf
_u
856 4 _qpdf
_u
942 _cKNG
_n0
_015
944 _aCR
_c18.02.2003
_lЦветелина Шанова
_k30531
944 _aED
_c16.04.2013
_lф /
_k
999 _c32232
_d32232